000 00371nam a2200133Ia 4500
008 100328s9999 xx 000 0 und d
082 _b12719
100 _aगांधी महात्मा
245 _aसत्याग्रह
260 _bसाधना
630 _aसत्याग्रह
730 _aसत्याग्रह
942 _cBOOK
999 _c507954
_d507951